Tied Together With a Smile - Taylor Swift (All Lyrics) - Statistics

General Stats
  • This quiz has been taken 196 times
  • The average score is 212 of 245
Answer Stats
Answer % Correct
a
100%
smile
100%
tied
100%
to
100%
together
100%
with
100%
you
100%
You
100%
your
100%
you're
99%
You're
99%
But
98%
but
98%
I
98%
coming
96%
undone
95%
be
94%
the
94%
The
94%
And
92%
and
92%
in
92%
it
92%
on
91%
one
90%
no
89%
go
88%
That
88%
that
88%
who
88%
not
87%
Not
87%
don't
85%
it's
85%
know
85%
see
85%
Is
84%
only
84%
cry
83%
anyone
82%
he
82%
knows
82%
tell
82%
cause
81%
Cause
81%
might
81%
Baby
80%
baby
80%
Oh
80%
oh
80%
Hold
79%
mirror
79%
at
78%
golden
78%
like
78%
back
77%
losing
77%
doesn't
76%
beauty
75%
face
75%
into
75%
jumping
75%
looking
75%
love
75%
that's
75%
true
75%
water's
75%
all
74%
high
74%
letting
74%
pretty
71%
thinking
71%
change
70%
was
70%
his
69%
giving
67%
extra
66%
out
65%
wanted
65%
pay
64%
price
64%
away
63%
pocket
63%
rain
63%
up
63%
will
63%
around
62%
here
62%
penny
62%
Seems
62%
leaves
60%
walk
59%
guess
58%
end
57%
Hoping
52%
Goodbye
35%
No matching quizzes found
Score Distribution
Percent of People with Each Score
Percentile by Number Answered
Your Score History
You have not taken this quiz